Statistics for Subway Surfers Powerups

Click here to take the quiz!

General Stats

  • This quiz has been taken 56 times
  • The average score is 3 of 5

Answer Stats

Answer% Correct
Coin Magnet
89%
Jetpack
87%
Super Sneakers
60%
2X Multiplier
49%
Power Jumper
31%

Score Distribution

Percentile by Number Answered

Percent of People with Each Score

Your Score History

You have not taken this quiz